000 01099cab a2200301 4500
001 ABS51788
008 090401t1994 xxu||||| |||| 00| 0 eng d
035 _a(Sirsi) u44043
041 _aeng
100 _aCrowson, P.
245 4 _aThe international dimension of Europe`s mining industry
260 _c1994
350 _a0
490 _aMinerals Industry International
_v(1021) November 1994, 15-18(4)
520 _aExamines the European mining industry, discussing Europe`s share of mineral production, overseas exploration, and the role of Europe in world mining. Includes tables of Europe`s share of world mine output 1990-92, European minerals exploration expenditure 1993 and control of world mine production as a % of total production.
650 _aBULK METALLICS
650 _aEUROPE
650 _aFUELS
650 _aINDUSTRIAL MINERALS
650 _aMINERAL EXPLORATION
650 _aMINERAL PRODUCTION
650 _aNON-FERROUS METALS
650 _aPRECIOUS METALS
650 _aSTATISTICS
690 _aMINING AND MINERALS
942 _n0
948 _c04/03/1997
999 _c28080
_d28080